000 00389nam a22001577a 4500
005 20180131165828.0
008 160427b xxu||||| |||| 00| 0 eng d
020 _a81-7446-200-7
041 _aeng
082 _b00347
_a004
100 _aBharihoke, Deepak
_988
245 _aFundamentals of Information Technology
260 _aNew Delhi
_bExcel Books,
_c2002
300 _a650
942 _cBK
999 _c112
_d112